[Event "Rheinland Pfalz op Seniors 16th"]
[Site "Neustadt an der Weinstrasse"]
[Date "2018.07.09"]
[Round "3"]
[White "Dushatskiy, Fedor"]
[Black "Leutz, Hans"]
[Result "0-1"]
[WhiteElo "2169"]
[BlackElo "1964"]
[PlyCount "58"]
[EventDate "2018.07.07"]
[EventType "swiss"]
[EventRounds "9"]
[EventCountry "GER"]
[SourceTitle "EXT 2019"]
[Source "ChessBase"]
[SourceDate "2018.10.10"]
[SourceVersion "1"]
[SourceVersionDate "2018.10.10"]
[SourceQuality "1"]

1. d4 d5 2. c4 e6 3. Nc3 Nf6 4. cxd5 exd5 5. Bg5 Be7 6. e3 c6 7. Bd3 0-0 8. Qd2 Nbd7 9. Nge2 Re8 10. 0-0 Nf8 11. f3 Nh5 12. Bxe7 Rxe7 13. e4 dxe4 14. fxe4 Bg4 15. Rad1 Qb6 16. Kh1 Rc8 17. e5 g6 18. Ne4 Rd8 19. Qc1 Bxe2 20. Nf6+ Nxf6 21. exf6 Red7 22. Qh6 Ne6 23. Bxe2 Rxd4 24. Rde1 Qxb2 25. Bc4 Qd2 26. Qh3 Rxc4 27. Rxe6 Rc1 28. Kg1 Qd4+ 29. Qe3 fxe6 0-1

[Event "Hessen-ch Seniors op 12th"]
[Site "Bad Sooden-Allendorf"]
[Date "2016.05.08"]
[Round "8"]
[White "Leutz, Hans"]
[Black "Papapostolou, Christos"]
[Result "0-1"]
[WhiteElo "1968"]
[BlackElo "2076"]
[PlyCount "106"]
[EventDate "2016.04.30"]
[EventType "swiss"]
[EventRounds "9"]
[EventCountry "GER"]
[SourceTitle "EXT 2019"]
[Source "ChessBase"]
[SourceDate "2018.10.10"]
[SourceVersion "1"]
[SourceVersionDate "2018.10.10"]
[SourceQuality "1"]

1. d4 Nf6 2. Nf3 c6 3. e3 d6 4. Bd3 Qc7 5. Nbd2 Nbd7 6. c3 e5 7. 0-0 g6 8. Qe2 Bg7 9. Rd1 0-0 10. dxe5 dxe5 11. e4 Nh5 12. Nb3 a5 13. a4 b6 14. Qc2 Re8 15. Bc4 h6 16. Nh4 Nf8 17. Be3 Be6 18. Bxe6 Nxe6 19. Rd2 c5 20. Rad1 Rad8 21. Rxd8 Rxd8 22. g3 Rxd1+ 23. Qxd1 Nf6 24. Nd2 Qc6 25. f3 b5 26. axb5 Qxb5 27. Qc1 a4 28. Ng2 Kh7 29. Qc2 h5 30. Kf2 c4 31. Nb1 Bf8 32. Bc1 Nc5 33. Ne1 Nd3+ 34. Nxd3 cxd3 35. Qd2 Nd7 36. Na3 Bc5+ 37. Kg2 Bxa3 38. bxa3 Qb1 39. h4 Qc2 40. Kf1 Nc5 41. Qh6+ Kg8 42. Qg5 Qe2+ 43. Kg1 Ne6 44. Qe3 Qd1+ 45. Kf2 Qc2+ 46. Qd2 Nc5 47. Qxc2 dxc2 48. c4 Kf8 49. Ke3 Nb3 50. c5 Ke8 51. g4 Nxc1 52. Kd2 Nb3+ 53. Kxc2 Nxc5 0-1

[Event "Hessen-ch Seniors op 12th"]
[Site "Bad Sooden-Allendorf"]
[Date "2016.05.08"]
[Round "9"]
[White "Lueders, Guenter"]
[Black "Leutz, Hans"]
[Result "0-1"]
[WhiteElo "1820"]
[BlackElo "1968"]
[PlyCount "120"]
[EventDate "2016.04.30"]
[EventType "swiss"]
[EventRounds "9"]
[EventCountry "GER"]
[SourceTitle "EXT 2019"]
[Source "ChessBase"]
[SourceDate "2018.10.10"]
[SourceVersion "1"]
[SourceVersionDate "2018.10.10"]
[SourceQuality "1"]

1. d4 d5 2. Nf3 Nf6 3. Bf4 e6 4. Nbd2 Nbd7 5. h3 b6 6. e3 Bb7 7. Be2 Be7 8. 0-0 0-0 9. Rc1 c5 10. c3 c4 11. b3 b5 12. Qc2 Qb6 13. Rb1 Qc6 14. b4 Bd6 15. Bxd6 Qxd6 16. a4 bxa4 17. Qxa4 a6 18. Rfc1 Bc6 19. Qa2 Bb5 20. Bd1 Nb6 21. Ne5 Ne8 22. Nef3 Qc6 23. Ne5 Qb7 24. Ra1 f6 25. Nef3 Nd6 26. Ne1 f5 27. Nef3 f4 28. Qb1 fxe3 29. fxe3 Nf5 30. Nf1 Qe7 31. Bc2 g6 32. e4 Nh4 33. N1d2 Rf4 34. e5 Raf8 35. Nxh4 Qxh4 36. Nf1 Rf2 37. Re1 Qg5 38. Ne3 Qg3 39. Qd1 R8f3 40. Rf1 Rxf1+ 41. Nxf1 Qf2+ 42. Kh1 Rxc3 43. Qg4 Qf7 44. Qe2 Qf4 45. Qd1 Qf8 46. Qd2 Qxb4 47. Bxg6 hxg6 48. Qg5 Be8 49. Qd8 Qb5 50. Rxa6 Rc1 51. Rxb6 Rxf1+ 52. Kh2 Qd7 53. Qb8 Qf7 54. Rb2 Qf4+ 55. g3 Rf2+ 56. Rxf2 Qxf2+ 57. Kh1 Qf7 58. Qc8 Kg7 59. Kg2 Ba4 60. Qa8 Bd1 0-1

[Event "Hessen-ch Seniors op 12th"]
[Site "Bad Sooden-Allendorf"]
[Date "2016.04.30"]
[Round "1"]
[White "Gottschalk, Juergen"]
[Black "Leutz, Hans"]
[Result "0-1"]
[WhiteElo "1597"]
[BlackElo "1968"]
[PlyCount "116"]
[EventDate "2016.04.30"]
[EventType "swiss"]
[EventRounds "9"]
[EventCountry "GER"]
[SourceTitle "EXT 2019"]
[Source "ChessBase"]
[SourceDate "2018.10.10"]
[SourceVersion "1"]
[SourceVersionDate "2018.10.10"]
[SourceQuality "1"]

1. e4 c6 2. d4 d5 3. e5 Bf5 4. f4 e6 5. Nf3 c5 6. c3 Nc6 7. Be3 cxd4 8. cxd4 Qb6 9. Qb3 Qxb3 10. axb3 Bb4+ 11. Nc3 Bc2 12. Bb5 Bxb3 13. 0-0 Nge7 14. Na4 Bxa4 15. Rxa4 0-0 16. Rc1 a5 17. g4 Rfc8 18. Bd3 Na7 19. Ng5 Rxc1+ 20. Bxc1 g6 21. h4 Nac8 22. h5 Nb6 23. Ra2 Rc8 24. Be3 Nc4 25. Bxc4 dxc4 26. hxg6 hxg6 27. Ne4 Kg7 28. Kf2 Nd5 29. Ra1 Rh8 30. Rg1 Rh2+ 31. Kf3 Rxb2 32. f5 Rb3 33. f6+ Kg8 34. Ng5 Rxe3+ 35. Kf2 Be1+ 36. Rxe1 Rxe1 37. Kxe1 c3 38. Kd1 b5 39. Ne4 b4 40. g5 a4 41. Nc5 a3 42. Nb3 a2 43. Kc2 Nf4 44. Na1 Kf8 45. Kb3 Nd5 46. Kxa2 Ke8 47. Kb3 Kd7 48. Kc2 Kc6 49. Nb3 Kb5 50. Nc5 Kc4 51. Nxe6 b3+ 52. Kc1 b2+ 53. Kb1 Kb3 54. Nc5+ Ka3 55. Nd3 Ne3 56. Ne1 c2+ 57. Nxc2+ Nxc2 58. e6 Kb3 0-1

[Event "GER-chB Seniors 26th"]
[Site "Bad Neuenahr"]
[Date "2014.08.13"]
[Round "9"]
[White "Drews, Horst"]
[Black "Leutz, Hans"]
[Result "0-1"]
[WhiteElo "1627"]
[BlackElo "1947"]
[PlyCount "90"]
[EventDate "2014.08.05"]
[EventType "swiss"]
[EventRounds "9"]
[EventCountry "GER"]
[SourceTitle "EXT 2018"]
[Source "ChessBase"]
[SourceDate "2017.10.13"]
[SourceVersion "1"]
[SourceVersionDate "2017.10.13"]
[SourceQuality "1"]

1. e4 c6 2. Nf3 d5 3. exd5 cxd5 4. Bb5+ Bd7 5. Bxd7+ Nxd7 6. d4 Ngf6 7. 0-0 e6 8. Nc3 Rc8 9. Bf4 a6 10. Ne5 Bb4 11. Bd2 0-0 12. Ne2 Bxd2 13. Qxd2 Ne4 14. Qd3 Nxe5 15. dxe5 Qc7 16. Nd4 Qxe5 17. Rfe1 Qc7 18. Qh3 Qb6 19. Qe3 e5 20. Nf5 Qxe3 21. Rxe3 Rxc2 22. f3 Nf6 23. Rxe5 Rd8 24. Rae1 Kf8 25. R1e2 Rxe2 26. Rxe2 g6 27. Nd4 Re8 28. Rd2 Ke7 29. g4 h6 30. h4 Kd6 31. Kf2 Nd7 32. Ne2 Nb6 33. Nc3 f5 34. gxf5 gxf5 35. Kg3 Re5 36. Kf4 Nc4 37. Rg2 d4 38. Rg6+ Re6 39. Rxe6+ Kxe6 40. Ne2 d3 41. Nc3 Nxb2 42. Ke3 f4+ 43. Kd2 Ke5 44. Kc1 Nc4 45. Kd1 Kd4 0-1

[Event "GER-chB Seniors 26th"]
[Site "Bad Neuenahr"]
[Date "2014.08.12"]
[Round "8"]
[White "Leutz, Hans"]
[Black "Krueger, Bernhard"]
[Result "1-0"]
[WhiteElo "1947"]
[BlackElo "1716"]
[PlyCount "75"]
[EventDate "2014.08.05"]
[EventType "swiss"]
[EventRounds "9"]
[EventCountry "GER"]
[SourceTitle "EXT 2018"]
[Source "ChessBase"]
[SourceDate "2017.10.13"]
[SourceVersion "1"]
[SourceVersionDate "2017.10.13"]
[SourceQuality "1"]

1. d4 Nf6 2. Nf3 g6 3. e3 Bg7 4. c4 d5 5. Nc3 0-0 6. Bd3 Bg4 7. h3 Bxf3 8. Qxf3 c6 9. cxd5 Nxd5 10. 0-0 Nf6 11. Rd1 e6 12. Rb1 Qe7 13. a3 Rd8 14. b4 a6 15. Bb2 Qc7 16. Rbc1 Qd6 17. Bb1 Nbd7 18. Na4 Qe7 19. Nc5 Nxc5 20. bxc5 Rd7 21. a4 Rad8 22. Bc3 Nd5 23. Ba5 Nc7 24. Ba2 e5 25. Re1 Qf6 26. Qg3 Rc8 27. Qg4 Qe7 28. Rb1 h5 29. Qxg6 Nd5 30. Qxh5 Re8 31. Bxd5 Rxd5 32. Qg4 e4 33. h4 Kh7 34. g3 Rg8 35. Qf4 Bh6 36. Qc7 Rd7 37. Qe5 Rd5 38. Qxe7 1-0

[Event "GER-chB Seniors 26th"]
[Site "Bad Neuenahr"]
[Date "2014.08.09"]
[Round "5"]
[White "Moews, Harald"]
[Black "Leutz, Hans"]
[Result "1/2-1/2"]
[WhiteElo "1837"]
[BlackElo "1947"]
[PlyCount "93"]
[EventDate "2014.08.05"]
[EventType "swiss"]
[EventRounds "9"]
[EventCountry "GER"]
[SourceTitle "EXT 2018"]
[Source "ChessBase"]
[SourceDate "2017.10.13"]
[SourceVersion "1"]
[SourceVersionDate "2017.10.13"]
[SourceQuality "1"]

1. e4 c6 2. d4 d5 3. e5 Bf5 4. b4 e6 5. c3 Nd7 6. f4 Ne7 7. a4 a6 8. a5 Nc8 9. Nf3 Be7 10. Bd3 Bxd3 11. Qxd3 Na7 12. 0-0 0-0 13. Ng5 g6 14. Qh3 Bxg5 15. fxg5 Re8 16. Ra2 Re7 17. Rf3 Nb5 18. Qg4 b6 19. Bf4 bxa5 20. Rxa5 Nb6 21. Rh3 Qf8 22. Qh4 Qg7 23. Qf2 Nc4 24. Ra4 Rea7 25. Nd2 Nba3 26. Nb3 Nb5 27. Na5 Nxa5 28. Rxa5 Qf8 29. g4 Rb8 30. Qa2 Qc8 31. Bd2 Rb6 32. Rf3 Qb7 33. h4 Nc7 34. h5 Rb5 35. Ra4 Na8 36. h6 Nb6 37. Ra3 Nc4 38. Ra4 Nb6 39. Ra5 Nc4 40. Rxb5 axb5 41. Qc2 Ra1+ 42. Rf1 Ra7 43. Bc1 Qa8 44. Qf2 Qf8 45. Qf6 Ra2 46. Re1 Rc2 47. Qf3 1/2-1/2

[Event "Baden-ch Seniors"]
[Site "Waldshut Tiengen"]
[Date "2014.06.20"]
[Round "8"]
[White "Leutz, Hans"]
[Black "Weller, Karl"]
[Result "1/2-1/2"]
[WhiteElo "1943"]
[BlackElo "1972"]
[PlyCount "145"]
[EventDate "2014.06.14"]
[EventType "swiss"]
[EventRounds "9"]
[EventCountry "GER"]
[SourceTitle "EXT 2015"]
[Source "ChessBase"]
[SourceDate "2014.11.20"]
[SourceVersion "1"]
[SourceVersionDate "2014.11.20"]
[SourceQuality "1"]

1. d4 Nf6 2. Nf3 g6 3. e3 Bg7 4. Bd3 d5 5. 0-0 0-0 6. Nbd2 b6 7. Qe2 Bb7 8. Rd1 Nbd7 9. e4 c5 10. c3 dxe4 11. Nxe4 Qc7 12. dxc5 Nxc5 13. Nxc5 Qxc5 14. Be3 Qh5 15. Nd4 Ng4 16. h3 Nxe3 17. Qxh5 gxh5 18. fxe3 e6 19. h4 Bf6 20. g3 Rfd8 21. Be2 Rd7 22. Bxh5 Rad8 23. Kf2 a6 24. Be2 Kf8 25. Nb3 a5 26. Rxd7 Rxd7 27. Rd1 Rxd1 28. Bxd1 Bd5 29. Nc1 h6 30. Bf3 Bc4 31. b3 Ba6 32. c4 a4 33. Bc6 axb3 34. axb3 Ke7 35. Nd3 Bc3 36. Kf3 f5 37. e4 Kf6 38. exf5 exf5 39. Nf4 Ke5 40. Nd5 Bd4 41. Ne3 Bc8 42. Nc2 Bc3 43. Bd5 b5 44. Bc6 bxc4 45. bxc4 Bd2 46. c5 Ba6 47. Ba8 Bd3 48. c6 Ba5 49. Nb4 Be4+ 50. Ke3 Bb6+ 51. Ke2 Kd6 52. Bb7 Ba5 53. Na2 Bb1 54. Nc1 Be4 55. Nb3 Bb6 56. Nd2 Bd5 57. Kd3 Bf2 58. Nf1 Bg2 59. Ke2 Bc5 60. Ne3 Be4 61. Ba8 Kc7 62. Nc4 Bd5 63. Ne5 Bd6 64. Ng6 Bxg3 65. h5 Bd6 66. Ke3 Bf7 67. Nf4 Bxf4+ 68. Kxf4 Bxh5 69. Kxf5 Bf3 70. Kf4 Bxc6 71. Bxc6 Kxc6 72. Kg4 h5+ 73. Kxh5 1/2-1/2

[Event "Hessen-ch Seniors op 09th"]
[Site "Bad Sooden-Allendorf"]
[Date "2013.04.28"]
[Round "9"]
[White "Leutz, Hans"]
[Black "Jung, Michael"]
[Result "1-0"]
[WhiteElo "1958"]
[BlackElo "1813"]
[PlyCount "83"]
[EventDate "2013.04.20"]
[EventType "swiss"]
[EventRounds "9"]
[EventCountry "GER"]
[SourceTitle "EXT 2019"]
[Source "ChessBase"]
[SourceDate "2018.10.10"]
[SourceVersion "1"]
[SourceVersionDate "2018.10.10"]
[SourceQuality "1"]

1. d4 g6 2. Nf3 Bg7 3. e3 d6 4. Bd3 Nd7 5. Nbd2 e6 6. 0-0 Ne7 7. c3 0-0 8. Bc2 b6 9. e4 Bb7 10. Re1 h6 11. Nf1 f5 12. exf5 exf5 13. Bb3+ Kh7 14. h4 Nf6 15. N1h2 Ne4 16. Bc2 d5 17. Bf4 Ng8 18. Rc1 Re8 19. g3 Re7 20. Ne5 Qe8 21. Nhf3 Re6 22. Bb3 c6 23. Kg2 Qe7 24. Rh1 h5 25. Bc2 Bh6 26. Rh3 Bxf4 27. gxf4 Ngf6 28. Qe2 Ng4 29. Bxe4 dxe4 30. Ng5+ Kg7 31. Nxe6+ Qxe6 32. Qc4 Qxc4 33. Nxc4 c5 34. dxc5 e3+ 35. f3 Nf2 36. Rg3 bxc5 37. Nxe3 Nd3 38. Rg1 Nxf4+ 39. Kh2 Rf8 40. Rd1 Rf7 41. Rd6 Re7 42. Nxf5+ 1-0

[Event "Hessen-ch Seniors op 09th"]
[Site "Bad Sooden-Allendorf"]
[Date "2013.04.24"]
[Round "5"]
[White "Leutz, Hans"]
[Black "Just, Fred"]
[Result "1/2-1/2"]
[WhiteElo "1958"]
[BlackElo "2189"]
[PlyCount "107"]
[EventDate "2013.04.20"]
[EventType "swiss"]
[EventRounds "9"]
[EventCountry "GER"]
[SourceTitle "EXT 2019"]
[Source "ChessBase"]
[SourceDate "2018.10.10"]
[SourceVersion "1"]
[SourceVersionDate "2018.10.10"]
[SourceQuality "1"]

1. d4 d5 2. Nf3 Nf6 3. e3 e6 4. Bd3 c5 5. c3 Nc6 6. Nbd2 Be7 7. 0-0 0-0 8. Qe2 Re8 9. dxc5 e5 10. e4 Bxc5 11. exd5 Nxd5 12. Ne4 Qe7 13. Nxc5 Qxc5 14. Qc2 h6 15. Re1 Bg4 16. Nh4 Qe7 17. Nf5 Qf6 18. Ng3 Rac8 19. Qb3 Nb6 20. Be3 Na5 21. Qb5 Nac4 22. Bxb6 Nxb6 23. Qa5 a6 24. h3 Bd7 25. Rad1 Re7 26. Bf1 Qe6 27. Ne4 Nc4 28. Bxc4 Rxc4 29. Nc5 b6 30. Nxe6 bxa5 31. Nd4 f5 32. f3 Kf7 33. Nc2 Rc5 34. Ne3 Be6 35. Rd6 f4 36. Ng4 Bxa2 37. Rxa6 Rd5 38. b4 h5 39. Nf2 Rd2 40. Rxa5 Bd5 41. Rc5 Kf6 42. Ne4+ Bxe4 43. Rxe4 g5 44. b5 g4 45. Rc6+ Kf5 46. b6 g3 47. Kf1 Red7 48. Rc7 Rf2+ 49. Ke1 Rdd2 50. Rc5 Ra2 51. Rcxe5+ Kf6 52. Re6+ Kf7 53. Re7+ Kf6 54. R7e6+ 1/2-1/2

[Event "Hessen-ch Seniors op 09th"]
[Site "Bad Sooden-Allendorf"]
[Date "2013.04.21"]
[Round "2"]
[White "Haubt, Georg"]
[Black "Leutz, Hans"]
[Result "1-0"]
[WhiteElo "2231"]
[BlackElo "1958"]
[PlyCount "28"]
[EventDate "2013.04.20"]
[EventType "swiss"]
[EventRounds "9"]
[EventCountry "GER"]
[SourceTitle "EXT 2019"]
[Source "ChessBase"]
[SourceDate "2018.10.10"]
[SourceVersion "1"]
[SourceVersionDate "2018.10.10"]
[SourceQuality "1"]

1. e4 c6 2. d4 d5 3. e5 Bf5 4. h4 h6 5. g4 Bh7 6. e6 fxe6 7. Bd3 Bxd3 8. Qxd3 Na6 9. Qg6+ Kd7 10. Nf3 Qa5+ 11. Bd2 Qb6 12. Ne5+ Kc7 13. Qxe6 Nf6 14. Nc3 c5 1-0

[Event "Staufer op 21st"]
[Site "Schwaebisch Gmuend"]
[Date "2009.01.05"]
[Round "8"]
[White "Leutz, Hans"]
[Black "Fels, Karl Heinz"]
[Result "1/2-1/2"]
[WhiteElo "1953"]
[BlackElo "1936"]
[PlyCount "57"]
[EventDate "2009.01.02"]
[EventType "swiss"]
[EventRounds "9"]
[EventCountry "GER"]
[SourceTitle "CBM 128 Extra"]
[Source "ChessBase"]
[SourceDate "2009.03.05"]
[SourceVersion "2"]
[SourceVersionDate "2009.03.25"]
[SourceQuality "1"]

1. d4 Nf6 2. Nf3 d5 3. e3 e6 4. Bd3 c5 5. c3 Nbd7 6. Nbd2 Qc7 7. 0-0 Bd6 8. Re1 0-0 9. e4 dxe4 10. Nxe4 Nxe4 11. Rxe4 Nf6 12. Rh4 cxd4 13. Nxd4 Be7 14. Qf3 g6 15. Nb5 Qc6 16. Qe2 Nd5 17. Rc4 Qd7 18. Bh6 Rd8 19. Rg4 f5 20. Rg3 Bf6 21. c4 Nb4 22. Rd1 a6 23. Bc2 Qe7 24. Rxd8+ Qxd8 25. Nc3 Nxc2 26. Qxc2 Bd7 27. Rd3 Qc7 28. Qd2 Rd8 29. Bg5 1/2-1/2

[Event "GER-ch Seniors-A 20th"]
[Site "Erfurt"]
[Date "2008.08.08"]
[Round "4"]
[White "Leutz, Hans"]
[Black "Mitzel, Robert"]
[Result "0-1"]
[WhiteElo "1819"]
[BlackElo "1927"]
[PlyCount "48"]
[EventDate "2008.08.05"]
[EventType "swiss"]
[EventRounds "9"]
[EventCountry "GER"]
[SourceTitle "CBM 126 Extra"]
[Source "ChessBase"]
[SourceDate "2008.11.05"]
[SourceVersion "1"]
[SourceVersionDate "2008.11.05"]
[SourceQuality "1"]

1. d4 d6 2. Nf3 Bg4 3. e3 Nf6 4. Be2 Nbd7 5. Nbd2 e5 6. dxe5 dxe5 7. e4 Bc5 8. b3 Qe7 9. Bb2 0-0-0 10. c4 Ba3 11. Bxa3 Qxa3 12. Qc2 Rhe8 13. 0-0 Nc5 14. Rab1 Ne6 15. Rfe1 Nf4 16. Bf1 Bd7 17. Re3 Ng4 18. Ng5 Nxe3 19. fxe3 Qc5 20. Nxf7 Qxe3+ 21. Kh1 Bc6 22. Nxd8 Rxd8 23. Rd1 Qf2 24. g3 Rxd2 0-1

[Event "Wuerttemberg-ch Seniors 18th"]
[Site "Freudenstadt"]
[Date "2006.05.07"]
[Round "4"]
[White "Gaertner, Hans Dietrich"]
[Black "Leutz, Hans"]
[Result "0-1"]
[WhiteElo "1766"]
[BlackElo "1781"]
[PlyCount "126"]
[EventDate "2006.05.04"]
[EventType "swiss"]
[EventRounds "9"]
[EventCountry "GER"]
[SourceTitle "EXT 2007"]
[Source "ChessBase"]
[SourceDate "2006.11.23"]
[SourceVersion "1"]
[SourceVersionDate "2006.11.23"]
[SourceQuality "1"]

1. Nf3 d5 2. d4 Nf6 3. Bf4 e6 4. e3 Bd6 5. c3 0-0 6. Nbd2 b6 7. Ne5 Bb7 8. Bd3 c5 9. 0-0 Qc7 10. Bg3 Nbd7 11. f4 Ne4 12. Bh4 Ndf6 13. Rf3 Nxd2 14. Qxd2 Ne4 15. Bxe4 dxe4 16. Rf2 c4 17. Qe2 b5 18. h3 a5 19. Qg4 Kh8 20. Qd1 f6 21. Ng4 b4 22. Rb1 Bd5 23. Nh2 Rfb8 24. Qc1 Rb6 25. Re2 g5 26. Bg3 h5 27. h4 bxc3 28. bxc3 Rxb1 29. Qxb1 gxf4 30. Bxf4 Bxf4 31. exf4 Qxf4 32. Qe1 Rg8 33. Re3 f5 34. a3 Qh6 35. Nf1 f4 36. Rxe4 Bxe4 37. Qxe4 Qg6 38. Qe5+ Rg7 39. g3 Qf5 40. Qe2 fxg3 41. Ne3 Qb1+ 42. Nd1 Qf5 43. Ne3 Qf2+ 44. Qxf2 gxf2+ 45. Kxf2 Rc7 46. Kf3 Kg7 47. Kf4 Kf6 48. Ke4 Rc8 49. Kf4 a4 50. Ke4 Rb8 51. Nxc4 Rb3 52. Kd3 Kf5 53. Ne3+ Kf4 54. Nc2 Kg3 55. Kc4 Kxh4 56. Ne3 Kg3 57. d5 exd5+ 58. Nxd5 h4 59. Ne3 h3 60. Kd4 Kf3 61. Nf1 Kf2 62. Ne3 Kg1 63. Ng4 Rxa3 0-1

[Event "Wuerttemberg-ch Seniors 18th"]
[Site "Freudenstadt"]
[Date "2006.05.06"]
[Round "3"]
[White "Leutz, Hans"]
[Black "Jaeger, Hans"]
[Result "0-1"]
[WhiteElo "1781"]
[BlackElo "1831"]
[PlyCount "32"]
[EventDate "2006.05.04"]
[EventType "swiss"]
[EventRounds "9"]
[EventCountry "GER"]
[SourceTitle "EXT 2007"]
[Source "ChessBase"]
[SourceDate "2006.11.23"]
[SourceVersion "1"]
[SourceVersionDate "2006.11.23"]
[SourceQuality "1"]

1. d4 Nf6 2. Nf3 e6 3. e3 b6 4. Bd3 Bb7 5. Nbd2 d5 6. 0-0 Nbd7 7. Qe2 Ne4 8. Ne5 Bd6 9. Nxd7 Qxd7 10. f3 Nxd2 11. Bxd2 c5 12. e4 dxe4 13. Bxe4 Bxe4 14. Qxe4 0-0 15. Bc3 cxd4 16. Qxd4 Bc5 0-1